| 000 | 00426nam a22001697a 4500 | ||
|---|---|---|---|
| 003 | OSt | ||
| 005 | 20211118150152.0 | ||
| 008 | 211118b |||||||| |||| 00| 0 eng d | ||
| 020 | _a978-0-07-162240-0 | ||
| 040 |
_aDDC _cHU |
||
| 082 |
_22ND _a615.9 _b4 |
||
| 100 |
_aCURTIS D. KLAASSEN _919292 |
||
| 245 | _aESSENTIAL OF TOXICOLOGY | ||
| 250 | _a2ND | ||
| 260 |
_aNEW YORK _bMC GRAW HILL COMPANY _c2010 |
||
| 942 |
_2ddc _cBOOKS _n0 |
||
| 999 |
_c19059 _d19059 |
||